000 00648nam a2200217Ia 4500
003 OSt
005 20220926014830.0
006 a|||||r|||| 00| 0
007 ta
008 220923b |||||||| |||| 00| 0 eng d
037 _cGeneral Book
040 _aRTL
_cRTL
_beng
041 _2eng
_aeng
082 _aX:3M24xM18:g, H2/TD3
100 _aSweezy Paul M
245 0 _aTheory Of Capitalist Development
_b Principles Of Marxian political economy
260 _aNew York
_bModern reader
_c1968
300 _aix,398p.
_ccm.
942 _hX:3M24xM18:g, H2/TD3
_cGB
_2CC
999 _c629953
_d629953